|
|
|
|
| LEADER |
00000nam0a2200000 4500 |
| 001 |
364534 |
| 005 |
20231102011710.0 |
| 035 |
|
|
|a (RuTPU)RU\TPU\retro\21892
|
| 090 |
|
|
|a 364534
|
| 100 |
|
|
|a 20211118d1981 m y0rusy50 ca
|
| 101 |
0 |
|
|a rus
|
| 102 |
|
|
|a UA
|
| 105 |
|
|
|a a j 001zy
|
| 200 |
1 |
|
|a Основы проектирования машин
|e учебное пособие для вузов
|f К. И. Заблонский
|
| 210 |
|
|
|a Киев
|c Вища школа
|d 1982
|
| 215 |
|
|
|a 310 с.
|c ил.
|
| 320 |
|
|
|a Библиогр.: с. 304-305
|
| 606 |
1 |
|
|a Механизмы и машины
|x Теория
|x Проектирование
|2 stltpush
|3 (RuTPU)RU\TPU\subj\43542
|9 63030
|
| 610 |
1 |
|
|a учебные пособия
|
| 610 |
1 |
|
|a экономические основы
|
| 610 |
1 |
|
|a надежность
|
| 610 |
1 |
|
|a нагрузки
|
| 610 |
1 |
|
|a расчет на прочность
|
| 610 |
1 |
|
|a детали машин
|
| 610 |
1 |
|
|a расчет на жесткость
|
| 610 |
1 |
|
|a конструирование
|
| 610 |
1 |
|
|a соединения
|
| 610 |
1 |
|
|a резьбовые соединения
|
| 610 |
1 |
|
|a механические передачи
|
| 610 |
1 |
|
|a зубчатые передачи
|
| 675 |
|
|
|a 621.01.001.63(075.8)
|v 4
|
| 700 |
|
1 |
|a Заблонский
|b К. И.
|g Константин Иванович
|
| 801 |
|
1 |
|a RU
|b 63413507
|c 20211118
|
| 801 |
|
2 |
|a RU
|b 63413507
|c 20230623
|g RCR
|
| 942 |
|
|
|c BK
|